| 000 | 00762nam a2200205 i 4500 | ||
|---|---|---|---|
| 999 |
_c7765 _d7765 |
||
| 001 | 991058478168306706 | ||
| 003 | OSt | ||
| 005 | 20231108122220.0 | ||
| 006 | m o d | | ||
| 007 | cr ||||||||||| | ||
| 008 | 201029s2019 sp a ob 000 0 spa d | ||
| 040 |
_aCDMR _cCDMR _bcat |
||
| 110 |
_94875 _aAssociació Catalana de Ràdio |
||
| 245 | 1 | 0 |
_aInforme de la situació de la ràdio a Catalunya _b: 2007-2020 [recurs electrònic] / _cAssociació Catalana de Ràdio |
| 264 | 1 | _c2021 | |
| 300 | _a1 recurs electrònic (26 pàgines) | ||
| 650 | 0 |
_aRadiodifusió _93105 _zCatalunya _y2007-2020 |
|
| 856 |
_zAccés en línia _uhttps://acradio.org/wp-content/uploads/2021/02/Informe-de-la-situacio-de-la-radio-a-Catalunya-2020_resum.pdf |
||
| 942 |
_2udc _cLLIBRE-E |
||